[Event "choose your opening weapons 2"]
[Site "SchemingMind.com"]
[Date "2013.07.10"]
[Round "-"]
[White "Scooter"]
[Black "kenneth m day"]
[Result "1-0"]
[WhiteCountry "USA"]
[BlackCountry "USA"]
[WhiteElo "1747"]
[WhiteRD "50"]
[BlackElo "1771"]
[BlackRD "54"]
[GameID "334433"]

1. d4 g6 2. Nf3 Bg7 3. Bf4 d6 4. e3 Nf6 5. Be2 O-O 6. O-O Nbd7 7. h3 c5 8. c3 b6 9. Nbd2 Bb7 10. Re1 Nd5
11. Bg3 Re8 12. e4 N5f6 13. e5 dxe5 14. dxe5 Nd5 15. Bc4 e6 16. Ne4 Bc6 17. Nd6 Re7 18. Qe2 f6 19. exf6 N7xf6 20. Rad1 Ne8
21. Ne4 Nef6 22. Nxf6+ Bxf6 23. Ne5 Bb7 24. Ng4 Qf8 25. Bd6 Qg7 26. Bxe7 Bxe7 27. Qxe6+ Qf7 28. Nh6+
1-0

[Event "choose your opening weapons 2"]
[Site "SchemingMind.com"]
[Date "2013.07.11"]
[Round "-"]
[White "kenneth m day"]
[Black "Scooter"]
[Result "1-0"]
[WhiteCountry "USA"]
[BlackCountry "USA"]
[WhiteElo "1770"]
[WhiteRD "52"]
[BlackElo "1729"]
[BlackRD "51"]
[GameID "334434"]

1. e4 c6 2. c4 d5 3. cxd5 cxd5 4. exd5 Qxd5 5. Nc3 Qd8 6. d4 Nf6 7. Bc4 e6 8. Nf3 Be7 9. O-O O-O 10. Bf4 Nc6
11. Rc1 a6 12. Re1 b5 13. Bb3 Bd6 14. Qd2 Bb7 15. Qe3 Bxf4 16. Qxf4 b4 17. Na4 Na5 18. Bd1 Bxf3 19. Bxf3 Rc8 20. Nc5 Qb6
21. Re2 Qc7 22. Qe3 Nd7 23. Rec2 Nxc5 24. Rxc5 Qd7 25. Rxa5 Rxc1+ 26. Qxc1 Rc8 27. Rc5
1-0

[Event "choose your opening weapons 2"]
[Site "SchemingMind.com"]
[Date "2013.07.12"]
[Round "-"]
[White "Olli Ylönen"]
[Black "Scooter"]
[Result "0-1"]
[WhiteCountry "FIN"]
[BlackCountry "USA"]
[WhiteElo "1862"]
[WhiteRD "57"]
[BlackElo "1756"]
[BlackRD "49"]
[GameID "334475"]

1. e4 c6 2. d4 d5 3. Nc3 dxe4 4. Nxe4 Bf5 5. Ng3 Bg6 6. h4 h6 7. Nf3 Nd7 8. h5 Bh7 9. Bd3 Bxd3 10. Qxd3 Qc7
11. Bd2 Ngf6 12. O-O-O O-O-O 13. Qe2 e6 14. Ne5 Nxe5 15. dxe5 Nd7 16. f4 Bc5 17. Ne4 Qb6 18. Nxc5 Nxc5 19. Kb1 Na4 20. b3 Rd7
21. Rh3 Rhd8 22. Rd3 Rxd3 23. cxd3 Rd4 24. Ka1 Nc5 25. Be3 Rd5 26. b4 Qxb4 27. Bxc5 Rxc5 28. g3 Qa3 29. Qb2 Qa4 30. Rd2 Rb5
31. Qc2 Qd4+
0-1

[Event "choose your opening weapons 2"]
[Site "SchemingMind.com"]
[Date "2013.07.14"]
[Round "-"]
[White "Olli Ylönen"]
[Black "kenneth m day"]
[Result "0-1"]
[WhiteCountry "FIN"]
[BlackCountry "USA"]
[WhiteElo "1844"]
[WhiteRD "58"]
[BlackElo "1807"]
[BlackRD "52"]
[GameID "334476"]

1. e4 e5 2. Nf3 Nc6 3. d4 exd4 4. Nxd4 Bc5 5. Be3 Qf6 6. c3 Nge7 7. Bc4 Ne5 8. Be2 O-O 9. O-O d5 10. f4 N5c6
11. e5 Qh4 12. Qd2 Bd7 13. Nxc6 Bxe3+ 14. Qxe3 Bxc6 15. Qf2 Qh6 16. Nd2 Nf5 17. g4 Ne7 18. g5 Qh3 19. f5 Rae8 20. f6 Ng6
21. Nf3 Nxe5 22. Nxe5 Rxe5 23. fxg7 Rxg5+ 24. Kh1 d4+ 25. Bf3 Bxf3+ 26. Qxf3 Qxf3+ 27. Rxf3 Rxg7 28. cxd4 Rd8 29. Rc3 c6 30. Rd3 Rg4
31. Rg1 Rxg1+ 32. Kxg1 Rd5 33. Kf2 Kg7 34. Ke3 f5 35. b4 Kf6 36. Kf4 h6 37. Kg3 Kg5 38. h3 f4+ 39. Kf3 Kf5 40. Ra3 a6
41. Ra5 h5 42. Rc5 Rxc5 43. dxc5 Ke5 44. h4 Kf5
0-1

[Event "choose your opening weapons 2"]
[Site "SchemingMind.com"]
[Date "2013.07.12"]
[Round "-"]
[White "Scooter"]
[Black "Olli Ylönen"]
[Result "0-1"]
[WhiteCountry "USA"]
[BlackCountry "FIN"]
[WhiteElo "1756"]
[WhiteRD "49"]
[BlackElo "1862"]
[BlackRD "57"]
[GameID "334477"]

1. d4 d5 2. Nf3 Nf6 3. Bf4 c5 4. c3 Nc6 5. e3 Qb6 6. Qb3 c4 7. Qxb6 axb6 8. Nbd2 b5 9. Be2 b4 10. O-O bxc3
11. bxc3 Ra3 12. Nb1 Ra4 13. Ne5 Nxe5 14. Bxe5 e6 15. Bxf6 gxf6 16. Bd1 Ra6 17. a4 b5 18. Nd2 b4 19. cxb4 Bxb4 20. Nf3 Bd7
21. Rb1 Rb6 22. Ne1 O-O 23. Nc2 Ba5 24. Rxb6 Bxb6 25. Nb4 Ra8 26. Na2 Bxa4 27. Bxa4 Rxa4 28. Nc3 Ra3 29. Rc1 Ba5 30. Ne2 Rd3
31. Nf4 Rc3 32. Ne2 Rxc1+ 33. Nxc1 e5 34. Ne2 c3 35. Kf1 c2
0-1

[Event "choose your opening weapons 2"]
[Site "SchemingMind.com"]
[Date "2013.07.12"]
[Round "-"]
[White "kenneth m day"]
[Black "Olli Ylönen"]
[Result "0-1"]
[WhiteCountry "USA"]
[BlackCountry "FIN"]
[WhiteElo "1758"]
[WhiteRD "53"]
[BlackElo "1847"]
[BlackRD "59"]
[GameID "334478"]

1. e4 e5 2. Nf3 Nf6 3. Nxe5 d6 4. Nxf7 Kxf7 5. Bc4+ d5 6. Bb3 Nc6 7. O-O Be6 8. exd5 Bxd5 9. Nc3 Bxb3 10. axb3 Bb4
11. Qf3 Bxc3 12. bxc3 Qd5 13. Qf4 Qe5 14. Qc4+ Qd5 15. Qf4 Qd6 16. d3 Qxf4 17. Bxf4 Rac8 18. Rfe1 Rhe8 19. h3 a5 20. d4 Rxe1+
21. Rxe1 Nd5 22. c4 Nxf4
0-1

[Event "choose your opening weapons 2"]
[Site "SchemingMind.com"]
[Date "2013.07.15"]
[Round "-"]
[White "emvarela"]
[Black "Scooter"]
[Result "1-0"]
[WhiteCountry "ARG"]
[BlackCountry "USA"]
[WhiteElo "1767"]
[WhiteRD "50"]
[BlackElo "1743"]
[BlackRD "51"]
[GameID "334662"]

1. e4 c6 2. d4 d5 3. Nc3 dxe4 4. Nxe4 Bf5 5. Ng3 Bg6 6. h4 h6 7. Nf3 Nd7 8. h5 Bh7 9. Bd3 Bxd3 10. Qxd3 Qc7
11. Bd2 O-O-O 12. d5 Nb6 13. Qf5+ e6 14. dxe6 Qe7 15. Ne5 Rd5 16. exf7+ Nd7 17. O-O-O Rxe5 18. fxg8=Q Rxg8 19. Qg4 Qe6 20. Qxe6 Rxe6
21. Bc3 g5 22. Rd3 Nc5 23. Rd2 Bg7 24. Bxg7 Rxg7 25. Nf5 Rd7 26. Rxd7 Kxd7 27. Rd1+ Kc7 28. f3 Rf6 29. g4 Nd7 30. Re1 a5
31. Re7 b5 32. Rh7 c5 33. Kd2 Kc6 34. Rxh6 Rxh6 35. Nxh6 Ne5 36. Ke2 Kd7 37. b3 Ke6 38. Ke3 Kf6 39. Ke4
1-0

[Event "choose your opening weapons 2"]
[Site "SchemingMind.com"]
[Date "2013.07.14"]
[Round "-"]
[White "emvarela"]
[Black "Olli Ylönen"]
[Result "1/2-1/2"]
[WhiteCountry "ARG"]
[BlackCountry "FIN"]
[WhiteElo "1760"]
[WhiteRD "50"]
[BlackElo "1844"]
[BlackRD "58"]
[GameID "334663"]

1. e4 d6 2. d4 g6 3. Nc3 Bg7 4. f4 Nf6 5. Nf3 O-O 6. Bd3 Na6 7. O-O c5 8. d5 Bg4 9. Bxa6 bxa6 10. h3 Bxf3
11. Qxf3 Nd7 12. Bd2 Rc8 13. Na4 Nb6 14. Nxb6 axb6 15. Bc3 b5 16. Bxg7 Kxg7 17. g4 e6 18. dxe6 fxe6 19. Qc3+ Qf6 20. e5 dxe5=
1/2-1/2

[Event "choose your opening weapons 2"]
[Site "SchemingMind.com"]
[Date "2013.07.14"]
[Round "-"]
[White "emvarela"]
[Black "kenneth m day"]
[Result "0-1"]
[WhiteCountry "ARG"]
[BlackCountry "USA"]
[WhiteElo "1767"]
[WhiteRD "50"]
[BlackElo "1758"]
[BlackRD "53"]
[GameID "334664"]

1. e4 e5 2. Nf3 Nc6 3. Bb5 f5 4. Nc3 fxe4 5. Nxe5 Nxe5 6. O-O c6 7. Qh5+ Nf7 8. Ba4 Nf6 9. Qe2 Be7 10. Bb3 O-O
11. Nxe4 d5 12. Nxf6+ Bxf6 13. c3 Re8 14. Qf3 Ne5 15. Qg3 Bh4 16. Qf4 Qe7 17. Bc2 Rf8 18. Qe3 Bg4 19. d4 Ng6 20. Bxg6 Qxe3
21. Bxh7+ Kxh7 22. Bxe3 Be7 23. f3 Bd7 24. Rfe1 Rae8 25. Bf4 Rxf4 26. Re5 Bf6 27. Rxe8 Bxe8 28. Re1 Bf7
0-1

[Event "choose your opening weapons 2"]
[Site "SchemingMind.com"]
[Date "2013.07.14"]
[Round "-"]
[White "Olli Ylönen"]
[Black "emvarela"]
[Result "1/2-1/2"]
[WhiteCountry "FIN"]
[BlackCountry "ARG"]
[WhiteElo "1844"]
[WhiteRD "58"]
[BlackElo "1760"]
[BlackRD "50"]
[GameID "334666"]

1. e4 e5 2. Nf3 Nc6 3. d4 exd4 4. Nxd4 Bc5 5. Be3 Qf6 6. c3 Nge7 7. Bc4 d6 8. O-O O-O 9. Nxc6 Nxc6 10. Bxc5 dxc5
11. f4 Be6 12. e5 Qg6 13. Bd3 Bf5 14. Bxf5 Qxf5 15. Na3 Rad8 16. Qe2 a6 17. g3 Qd3 18. Qxd3 Rxd3 19. Rad1 Rfd8 20. Rxd3 Rxd3
21. Nb1 b5 22. Kf2 Ne7 23. Ke2 c4 24. a4 c6 25. axb5=
1/2-1/2

[Event "choose your opening weapons 2"]
[Site "SchemingMind.com"]
[Date "2013.07.14"]
[Round "-"]
[White "kenneth m day"]
[Black "emvarela"]
[Result "0-1"]
[WhiteCountry "USA"]
[BlackCountry "ARG"]
[WhiteElo "1764"]
[WhiteRD "48"]
[BlackElo "1720"]
[BlackRD "50"]
[GameID "334667"]

1. e4 e5 2. Nf3 Nc6 3. d4 exd4 4. c3 dxc3 5. Nxc3 Bb4 6. Bc4 Bxc3+ 7. bxc3 Nge7 8. O-O d6 9. Bg5 O-O 10. Qc2 h6
11. Be3 Ne5 12. Nxe5 dxe5 13. Rfd1 Qe8 14. Rab1 c6 15. Bc5 b5 16. Bb3 a5 17. Qe2 a4 18. Bc2 Be6 19. Qh5 Bxa2 20. Rb2 Be6
21. Rd3 f6 22. Qh4 Rd8 23. h3 Rf7 24. Rg3 Kh7 25. Rb1 Ng6 26. Qh5 Nf4 27. Qf3 Rd2 28. Bd1 Bc4 29. Kh2 Rd3 30. Be3 Rxc3
31. Qg4 Be6 32. Qf3 a3 33. Be2 Nxe2 34. Qxe2 Bc4 35. Qd2 Rd3 36. Qb4 a2 37. Ra1 Rfd7 38. Qa5 Rd1 39. Rxa2 Bxa2 40. Qxa2 R7d3
41. Qa7 Qd7 42. Qc5 Qd6 43. Qa7 Qd7 44. Qc5 Qb7 45. Qf8 Rd8 46. Qc5 b4 47. Qc2 b3 48. Qb2 Qb4 49. Bc1 R1d3 50. Rxd3 Rxd3
51. Qb1 Qxe4 52. Qb2 c5 53. Qa3 c4 54. Qb2 Qd4
0-1

[Event "choose your opening weapons 2"]
[Site "SchemingMind.com"]
[Date "2013.07.14"]
[Round "-"]
[White "harijs"]
[Black "emvarela"]
[Result "1-0"]
[WhiteCountry "LAT"]
[BlackCountry "ARG"]
[WhiteElo "2176"]
[WhiteRD "114"]
[BlackElo "1741"]
[BlackRD "47"]
[GameID "334704"]

1. e4 e5 2. Nf3 Nc6 3. Bc4 Nf6 4. Ng5 Bc5 5. Bxf7+ Ke7 6. Bd5 Qe8 7. Nf3 h6 8. Bxc6 bxc6 9. Nxe5 d6 10. Nf3 Bg4
11. d4 Bxf3 12. gxf3 Bb6 13. a4 a5 14. h4 c5 15. d5 Kd7 16. Qe2 Qe5 17. Nd2 g5 18. Qb5+ Ke7 19. Nc4 Qd4 20. Be3
1-0

[Event "choose your opening weapons 2"]
[Site "SchemingMind.com"]
[Date "2013.07.15"]
[Round "-"]
[White "harijs"]
[Black "Scooter"]
[Result "1-0"]
[WhiteCountry "LAT"]
[BlackCountry "USA"]
[WhiteElo "2056"]
[WhiteRD "173"]
[BlackElo "1756"]
[BlackRD "49"]
[GameID "334705"]

1. e4 c6 2. d4 d5 3. e5 Bf5 4. Nc3 e6 5. Bd3 Bxd3 6. Qxd3 Bb4 7. h4 Ne7 8. Qg3 Nf5 9. Qf4 Nd7 10. Ne2 Qb6
11. a3 Bxc3+ 12. Nxc3 Qxd4 13. g4 Qxf4 14. Bxf4 Nd4 15. O-O-O Nf3 16. g5 Nfxe5 17. Rde1 Ng6 18. Bc7 Rc8 19. Bg3 O-O 20. Ne2 Ne7
21. Nd4 c5 22. Nb5 a6 23. Nd6 Rc6 24. Nxb7 Nf5 25. Na5 Nxg3 26. fxg3 Rb6 27. Re3 Rfb8 28. b3 c4 29. b4 Nc5 30. Rd1 Nb7
31. Nxb7 R6xb7 32. c3 a5 33. h5 axb4 34. cxb4 Rd8 35. g6 d4 36. Re4 Rbd7 37. a4 c3 38. a5 d3 39. Re3 hxg6 40. hxg6 fxg6
41. b5 Rd5 42. Rexd3
1-0

[Event "choose your opening weapons 2"]
[Site "SchemingMind.com"]
[Date "2013.07.14"]
[Round "-"]
[White "harijs"]
[Black "Olli Ylönen"]
[Result "1-0"]
[WhiteCountry "LAT"]
[BlackCountry "FIN"]
[WhiteElo "2168"]
[WhiteRD "132"]
[BlackElo "1862"]
[BlackRD "61"]
[GameID "334706"]

1. e4 c5 2. Nf3 d6 3. d4 cxd4 4. Nxd4 Nf6 5. Nc3 a6 6. f4 e5 7. Nf3 Nbd7 8. Bd3 Be7 9. a4 O-O 10. O-O exf4
11. Kh1 Ne5 12. Bxf4 Qc7 13. Nxe5 dxe5 14. Bg5 Be6 15. Bxf6 Bxf6 16. Rxf6 gxf6 17. Nd5 Bxd5 18. exd5 Rfd8 19. Qh5 Kf8 20. Rf1 Ke7
21. c4 Qb6 22. b3 Qxb3 23. Qf3 Qb6 24. c5 Qxc5 25. Qxf6+ Kd7 26. Qxe5 Qe7 27. Bf5+
1-0

[Event "choose your opening weapons 2"]
[Site "SchemingMind.com"]
[Date "2013.07.14"]
[Round "-"]
[White "harijs"]
[Black "kenneth m day"]
[Result "1-0"]
[WhiteCountry "LAT"]
[BlackCountry "USA"]
[WhiteElo "2176"]
[WhiteRD "114"]
[BlackElo "1771"]
[BlackRD "54"]
[GameID "334707"]

1. e4 e5 2. Nf3 Nc6 3. Bc4 Bc5 4. c3 Nf6 5. d4 exd4 6. cxd4 Bb4+ 7. Nc3 Nxe4 8. O-O Bxc3 9. d5 Bf6 10. Re1 Ne7
11. Rxe4 O-O 12. d6 cxd6 13. Bg5 Bxg5 14. Nxg5 d5 15. Bxd5 Nc6 16. Qh5 h6 17. Bxf7+ Kh8 18. Rae1 Qxg5 19. Re8 Qxh5 20. Rxf8+ Kh7
21. Bxh5 g6 22. Bf3 b6 23. Ree8
1-0

[Event "choose your opening weapons 2"]
[Site "SchemingMind.com"]
[Date "2013.07.14"]
[Round "-"]
[White "emvarela"]
[Black "harijs"]
[Result "0-1"]
[WhiteCountry "ARG"]
[BlackCountry "LAT"]
[WhiteElo "1741"]
[WhiteRD "47"]
[BlackElo "2176"]
[BlackRD "114"]
[GameID "334708"]

1. e4 c5 2. Nf3 e6 3. d4 cxd4 4. Nxd4 a6 5. Bd3 Bc5 6. Nb3 Be7 7. O-O d6 8. c4 Nf6 9. Nc3 Bd7 10. Bf4 Bc6
11. Qc2 Nbd7 12. Rad1 Qc7 13. Be2 O-O 14. Bf3 Rfc8 15. Rfe1 h6 16. Bg3 Ne5 17. Bxe5 dxe5 18. a3 b5 19. cxb5 Bxb5 20. Rd2 Rab8
21. Rc1 Bc6 22. Re2 Nh7 23. Nd1 Qd8 24. Rd2 Qe8 25. Ne3 Ba4
0-1

[Event "choose your opening weapons 2"]
[Site "SchemingMind.com"]
[Date "2013.07.15"]
[Round "-"]
[White "Scooter"]
[Black "harijs"]
[Result "0-1"]
[WhiteCountry "USA"]
[BlackCountry "LAT"]
[WhiteElo "1756"]
[WhiteRD "49"]
[BlackElo "2056"]
[BlackRD "173"]
[GameID "334709"]

1. d4 d5 2. Nf3 c6 3. Bf4 Nf6 4. e3 Bf5 5. Bd3 e6 6. O-O Bd6 7. Bxd6 Qxd6 8. c3 O-O 9. Bxf5 exf5 10. Qc2 Ne4
11. Nbd2 Na6 12. a3 Rad8 13. c4 Rfe8 14. c5 Qh6 15. b4 f4 16. exf4 Qxf4 17. Nxe4 Rxe4 18. Rfe1 Nc7 19. Rxe4 dxe4 20. Nd2 Rxd4
21. Nb3 Rd5 22. Rd1 h6 23. Na5 e3 24. fxe3 Qxe3+ 25. Kh1 b6 26. Nxc6 Qe4
0-1

[Event "choose your opening weapons 2"]
[Site "SchemingMind.com"]
[Date "2013.07.14"]
[Round "-"]
[White "Olli Ylönen"]
[Black "harijs"]
[Result "0-1"]
[WhiteCountry "FIN"]
[BlackCountry "LAT"]
[WhiteElo "1862"]
[WhiteRD "61"]
[BlackElo "2168"]
[BlackRD "132"]
[GameID "334710"]

1. e4 c5 2. Nf3 d6 3. d4 cxd4 4. Nxd4 e5 5. Bb5+ Nd7 6. Nf5 a6 7. Ba4 b5 8. Bb3 Nc5 9. Bd5 Bxf5 10. exf5 Rc8
11. b4 Na4 12. Bb7 Qc7 13. Bxc8 Qxc8 14. Qf3 Ne7 15. O-O Nxf5 16. Be3 Be7 17. Rc1 O-O 18. h3 Qe6 19. Nd2 d5 20. Nb3 Bxb4
21. g4 Nh4 22. Qg3 Ng6 23. h4 Nc3 24. Kf1 d4 25. Bd2 Ne4 26. Qd3 Nxd2+ 27. Nxd2 Nf4 28. Qb3 Bxd2 29. Rd1 Qc6
0-1

[Event "choose your opening weapons 2"]
[Site "SchemingMind.com"]
[Date "2013.07.14"]
[Round "-"]
[White "kenneth m day"]
[Black "harijs"]
[Result "0-1"]
[WhiteCountry "USA"]
[BlackCountry "LAT"]
[WhiteElo "1771"]
[WhiteRD "54"]
[BlackElo "2176"]
[BlackRD "114"]
[GameID "334711"]

1. e4 c5 2. d4 cxd4 3. c3 dxc3 4. Nxc3 Nc6 5. Nf3 d6 6. Bc4 e6 7. O-O Nf6 8. Qe2 Be7 9. Rd1 e5 10. Bg5 O-O
11. Rac1 Bg4 12. h3 Nd4 13. Rxd4 Bxf3 14. Qxf3 exd4 15. Ne2 Nxe4 16. Bxe7 Qxe7 17. Nxd4 Rac8 18. Qe3 Rfd8 19. b3 d5 20. Bd3 Rxc1+
21. Qxc1 g6 22. Qe1 Qa3 23. Qe2 Nc3 24. Qc2 Rc8 25. Nb5 Qxa2 26. Qxa2 Nxa2 27. Nxa7 Rc1+ 28. Kh2 Nb4 29. Be2 d4 30. Nb5 d3
0-1

[Event "choose your opening weapons 2"]
[Site "SchemingMind.com"]
[Date "2013.07.21"]
[Round "-"]
[White "Simon Green"]
[Black "emvarela"]
[Result "0-1"]
[WhiteCountry "ENG"]
[BlackCountry "ARG"]
[WhiteElo "1589"]
[WhiteRD "70"]
[BlackElo "1767"]
[BlackRD "50"]
[GameID "335128"]

1. d4 Nf6 2. e3 d5 3. Bd3 c5 4. c3 Nc6 5. f4 Bg4 6. Nf3 e6 7. O-O Bd6 8. Qe1 Bxf3 9. Rxf3 c4 10. Bc2 b5
11. Nd2 Qc7 12. b4 a5 13. a3 axb4 14. Nf1 bxa3 15. Bxa3 Rxa3 16. Rxa3 Bxa3 17. Nd2 b4 18. Nb1 Qa5 19. Nxa3 Qxa3 20. cxb4 Qxb4
21. Qa1 O-O 22. Rf1 Na5 23. Qb1 Nb3 24. Bxb3 Qxb3 25. Qa1 Qxe3+ 26. Rf2 Ne4
0-1

[Event "choose your opening weapons 2"]
[Site "SchemingMind.com"]
[Date "2013.07.18"]
[Round "-"]
[White "Simon Green"]
[Black "harijs"]
[Result "0-1"]
[WhiteCountry "ENG"]
[BlackCountry "LAT"]
[WhiteElo "1534"]
[WhiteRD "89"]
[BlackElo "2168"]
[BlackRD "132"]
[GameID "335129"]

1. d4 f5 2. e3 Nf6 3. f4 b6 4. Bd3 Bb7 5. Nf3 e6 6. O-O h5 7. Qe1 g6 8. Nbd2 Nc6 9. c3 Qe7 10. Ne5 Nxe5
11. fxe5 Nh7 12. e4 Ng5 13. exf5 gxf5 14. Nf3 Nxf3+ 15. Rxf3 Bxf3 16. gxf3 Rg8+ 17. Kh1 Qf7 18. Be3 Be7 19. Qe2 h4 20. h3 c6
21. f4 Kd8 22. Rg1 Kc7 23. Rxg8 Rxg8 24. b4 Qg7 25. Qf3 Qg3
0-1

[Event "choose your opening weapons 2"]
[Site "SchemingMind.com"]
[Date "2013.07.18"]
[Round "-"]
[White "Simon Green"]
[Black "Scooter"]
[Result "1/2-1/2"]
[WhiteCountry "ENG"]
[BlackCountry "USA"]
[WhiteElo "1586"]
[WhiteRD "101"]
[BlackElo "1756"]
[BlackRD "49"]
[GameID "335130"]

1. d4 Nf6 2. e3 g6 3. Bd3 Bg7 4. f4 O-O 5. Nf3 d5 6. O-O Bg4 7. Qe1 Bxf3 8. Rxf3 e6 9. Nd2 Nbd7 10. b3 c5
11. c3 cxd4 12. exd4 a6 13. Ba3 Re8 14. Bd6 b5 15. b4 Nb6 16. Be5 Nbd7 17. h3 Nxe5 18. fxe5 Nd7 19. Nb3 Rc8 20. a4 Qb6
21. axb5 axb5 22. Nc5 Nxc5 23. bxc5 Qc6 24. Qf1 Rb8 25. Rxf7 Rf8 26. Rxf8+ Rxf8 27. Qe2 Rb8 28. Rb1 Qa6 29. Rxb5 Rxb5 30. Bxb5 Qa1+
31. Kh2 Qxc3 32. Qg4 Kf7 33. Be8+ Ke7 34. Bc6 Qd2 35. Qh4+ g5=
1/2-1/2

[Event "choose your opening weapons 2"]
[Site "SchemingMind.com"]
[Date "2013.07.22"]
[Round "-"]
[White "Simon Green"]
[Black "Olli Ylönen"]
[Result "0-1"]
[WhiteCountry "ENG"]
[BlackCountry "FIN"]
[WhiteElo "1534"]
[WhiteRD "89"]
[BlackElo "1862"]
[BlackRD "61"]
[GameID "335131"]

1. d4 Nf6 2. e3 g6 3. Bd3 Bg7 4. f4 d6 5. Nf3 O-O 6. O-O Nc6 7. c3 e5 8. fxe5 dxe5 9. Ng5 Ng4 10. Be2 Qxg5
11. e4 Ne3 12. Bxe3 Qxe3+ 13. Rf2 exd4 14. cxd4 Bxd4
0-1

[Event "choose your opening weapons 2"]
[Site "SchemingMind.com"]
[Date "2013.07.18"]
[Round "-"]
[White "Simon Green"]
[Black "kenneth m day"]
[Result "1-0"]
[WhiteCountry "ENG"]
[BlackCountry "USA"]
[WhiteElo "1556"]
[WhiteRD "82"]
[BlackElo "1771"]
[BlackRD "54"]
[GameID "335132"]

1. d4 Nf6 2. e3 d5 3. Bd3 g6 4. f4 Bg7 5. Nf3 O-O 6. O-O Bg4 7. Nbd2 c6 8. Qe1 Nbd7 9. Ne5 Nxe5 10. fxe5 Nd7
11. e4 Re8 12. exd5 cxd5 13. Qf2 Rf8 14. h3 Be6 15. Nf3 f6 16. Bf4 fxe5 17. dxe5 Rxf4 18. Qe3 Bxe5 19. Nxe5 Rxf1+ 20. Rxf1 Nf6
21. Nxg6 hxg6 22. Qxe6+ Kg7 23. g4 Qd6 24. Rxf6 Qxe6 25. Rxe6 Kf7 26. Rxg6
1-0

[Event "choose your opening weapons 2"]
[Site "SchemingMind.com"]
[Date "2013.07.21"]
[Round "-"]
[White "emvarela"]
[Black "Simon Green"]
[Result "1-0"]
[WhiteCountry "ARG"]
[BlackCountry "ENG"]
[WhiteElo "1767"]
[WhiteRD "50"]
[BlackElo "1589"]
[BlackRD "70"]
[GameID "335133"]

1. e4 e6 2. d4 d5 3. Nc3 Nf6 4. e5 Nfd7 5. f4 c5 6. Nf3 Nc6 7. Be3 c4 8. a3 Be7 9. g3 O-O 10. Qd2 f5
11. Be2 a6 12. b4 b5 13. O-O a5 14. Nxb5 axb4 15. axb4 Rxa1 16. Rxa1 Bxb4 17. c3 Be7 18. Qa2 Bb7 19. Bc1 Qb6 20. Qb2 Na5
21. Nd6 Qxb2 22. Bxb2 Bxd6 23. Rxa5 Ra8 24. Rxa8+ Bxa8 25. exd6 h6 26. Ne5 Nf6 27. Ba3 Bb7 28. d7 Nxd7 29. Nxd7 Kf7 30. Ne5+ Kf6
31. Bh5 Ba6 32. Nd7#
1-0

[Event "choose your opening weapons 2"]
[Site "SchemingMind.com"]
[Date "2013.07.20"]
[Round "-"]
[White "harijs"]
[Black "Simon Green"]
[Result "1-0"]
[WhiteCountry "LAT"]
[BlackCountry "ENG"]
[WhiteElo "2056"]
[WhiteRD "173"]
[BlackElo "1586"]
[BlackRD "101"]
[GameID "335134"]

1. e4 e6 2. d4 d5 3. e5 c5 4. c3 c4 5. b3 b5 6. a4 Bd7 7. axb5 Bxb5 8. Nd2 Qc7 9. bxc4 Bxc4 10. Nxc4 dxc4
11. Qa4+ Nd7 12. Bxc4 Rc8 13. Bb5 Qxc3+ 14. Bd2 Qc7 15. Rc1 Qb7 16. Bxd7+ Qxd7 17. Rxc8+ Ke7 18. Bb4+
1-0

[Event "choose your opening weapons 2"]
[Site "SchemingMind.com"]
[Date "2013.07.18"]
[Round "-"]
[White "Scooter"]
[Black "Simon Green"]
[Result "1-0"]
[WhiteCountry "USA"]
[BlackCountry "ENG"]
[WhiteElo "1756"]
[WhiteRD "49"]
[BlackElo "1586"]
[BlackRD "101"]
[GameID "335135"]

1. d4 e6 2. Nf3 d5 3. Bf4 c5 4. c3 Nc6 5. e3 c4 6. Be2 Bd6 7. Bxd6 Qxd6 8. O-O Nf6 9. Nbd2 Bd7 10. Qc2 e5
11. dxe5 Nxe5 12. Rfd1 g6 13. Nxc4 Nxc4 14. Bxc4 Qc6 15. Ne5 Qc7 16. Nxd7 Nxd7 17. Bxd5 O-O 18. Qa4 Rfd8 19. Qb4 Nb6 20. Bb3 Rxd1+
21. Rxd1 a5 22. Qf4 Qxf4 23. exf4 Re8 24. Kf1 a4 25. Bd5 Nxd5 26. Rxd5 b6 27. Rd4 b5 28. Rb4 Rb8 29. c4 Kg7 30. Rxb5 Rxb5
31. cxb5
1-0

[Event "choose your opening weapons 2"]
[Site "SchemingMind.com"]
[Date "2013.07.23"]
[Round "-"]
[White "Olli Ylönen"]
[Black "Simon Green"]
[Result "1-0"]
[WhiteCountry "FIN"]
[BlackCountry "ENG"]
[WhiteElo "1847"]
[WhiteRD "59"]
[BlackElo "1589"]
[BlackRD "70"]
[GameID "335136"]

1. e4 e6 2. d4 d5 3. Nc3 Nf6 4. exd5 exd5 5. Nf3 Bd6 6. Bd3 O-O 7. O-O Bg4 8. h3 Bxf3 9. Qxf3 c6 10. a3 Nbd7
11. Re1 Qc7 12. Bd2 g6 13. Ne2 Rae8 14. Ng3 Rxe1+ 15. Rxe1 c5 16. dxc5 Qxc5 17. Bb4 Qb6 18. Bxd6 Qxd6 19. h4 Ne5 20. Qf4 Nc4
21. Qxd6 Nxd6 22. Re7 Re8 23. Rxe8+ Ndxe8 24. Bb5 Nd6 25. Bd3 Nc4 26. Bxc4 dxc4 27. a4 Nd5 28. Ne4 Nb4 29. Nd6 Nxc2 30. Nxb7 Nd4
31. Kf1 Nc6 32. Nd6 Na5 33. Nb5 a6 34. Nc7 f5 35. Ke2 Kf7 36. Ke3 Kf6 37. Nxa6 Ke5 38. Nb4 h6 39. f4+ Kd6 40. Kd4 c3
41. Kxc3 Kc5 42. Nd3+
1-0

[Event "choose your opening weapons 2"]
[Site "SchemingMind.com"]
[Date "2013.07.20"]
[Round "-"]
[White "kenneth m day"]
[Black "Simon Green"]
[Result "0-1"]
[WhiteCountry "USA"]
[BlackCountry "ENG"]
[WhiteElo "1758"]
[WhiteRD "53"]
[BlackElo "1589"]
[BlackRD "70"]
[GameID "335137"]

1. e4 e6 2. d4 d5 3. Nc3 Nf6 4. e5 Nfd7 5. Nf3 c5 6. Be2 Nc6 7. Be3 c4 8. Bg5 Be7 9. Bxe7 Nxe7 10. Nb5 O-O
11. O-O Nf5 12. g4 Nh4 13. Nxh4 Qxh4 14. Nd6 f5 15. gxf5 exf5 16. Bf3 Qg5+ 17. Bg2 f4 18. Qf3 Nb6 19. Kh1 Bg4 20. Qa3 f3
21. Rg1 fxg2+ 22. Rxg2 Qf4 23. Kg1 Qxd4 24. Qg3 g6 25. c3 Qf4 26. Qxg4 Qxe5 27. Nxb7 Rf4 28. Qg3 Raf8 29. Nc5 Qe2 30. Qe3 Qxb2
31. Qe6+ R4f7 32. Re1 Qxc3 33. Rg3 Qf6 34. Qe3 d4 35. Qe2 d3 36. Qe3 Nd5 37. Qd2 c3
0-1